000 00229nam a2200097Ia 4500
008 240331s9999 xx 000 0 und d
082 _bDEL
100 _aDe Lenarol,N
245 0 _aDasa raja puwatha :
_b500 B.C.1200 A.D.
942 _cL
999 _c2667
_d2667